000 00464cam a2200181ua 4500
001 2772
008 110909n ii |||gr||||Z||||||asm
040 _cMAIN
082 _a891.4512
100 _aBharali, Sailen,
_eAuthor.
245 1 1 _aNatak aru asomiya natak
_cby Sailen Bharali
250 _a3rd.
260 _aGuahati:
_bBani prakash pvt. ltd.,
_c2003.
300 _a82p:
_c23cm.
653 _aAssamese drama
653 _aNatak aru asomiya natak
942 _cBK
999 _c2621
_d2621